[Event "Augsburg Afro op"]
[Site "Augsburg"]
[Date "2003.08.07"]
[Round "1"]
[White "Leuschner, Stefan"]
[Black "Dauer, Carolin"]
[Result "1-0"]
[WhiteElo "1901"]
[BlackElo "1105"]
[PlyCount "33"]
[EventDate "2003.08.06"]
[EventType "swiss"]
[EventRounds "7"]
[EventCountry "GER"]
[SourceTitle "EXT 2006"]
[Source "ChessBase"]
[SourceDate "2005.11.24"]
[SourceVersion "1"]
[SourceVersionDate "2005.11.24"]
[SourceQuality "1"]

1. e4 e5 2. Nf3 Nc6 3. Bc4 Bc5 4. c3 Nf6 5. d4 exd4 6. e5 Ng4 7. cxd4 Bb4+ 8. Bd2 Bxd2+ 9. Qxd2 d6 10. Qf4 f6 11. 0-0 dxe5 12. dxe5 Qe7 13. Re1 Qb4 14. exf6+ Kd8 15. fxg7 Qxb2 16. Qf8+ Kd7 17. Be6# 1-0

[Event "Nuremberg-ch op 01st"]
[Site "Nuremberg"]
[Date "2001.06.03"]
[Round "4"]
[White "Gorniak, Janusz"]
[Black "Leuschner, Stefan"]
[Result "1-0"]
[WhiteElo "1886"]
[BlackElo "1598"]
[PlyCount "55"]
[EventDate "2001.06.01"]
[EventType "swiss"]
[EventRounds "5"]
[EventCountry "GER"]
[SourceTitle "EXT 2003"]
[Source "ChessBase"]
[SourceDate "2002.11.25"]
[SourceVersion "1"]
[SourceVersionDate "2002.11.25"]
[SourceQuality "1"]

1. d4 d5 2. c4 e6 3. Nc3 Nf6 4. e3 Nbd7 5. Nf3 Be7 6. Bd3 0-0 7. 0-0 b6 8. b3 Bb7 9. Bb2 c5 10. Rc1 Ne4 11. Nd2 Ndf6 12. f3 Nxd2 13. Qxd2 dxc4 14. Bxc4 cxd4 15. exd4 Qd7 16. Rfd1 Rfd8 17. Ne2 Rac8 18. Qd3 Nd5 19. a3 Bg5 20. f4 Nxf4 21. Nxf4 Bxf4 22. Rc2 Rc7 23. Rf2 Ba6 24. Rdf1 Qd6 25. a4 Be5 26. Bxa6 Qb4 27. Qf3 Qd6 28. Qd3 1-0

[Event "Nuremberg-ch op 01st"]
[Site "Nuremberg"]
[Date "2001.06.03"]
[Round "3"]
[White "Leuschner, Stefan"]
[Black "Hettler, Wolfgang"]
[Result "0-1"]
[WhiteElo "1598"]
[BlackElo "1932"]
[PlyCount "136"]
[EventDate "2001.06.01"]
[EventType "swiss"]
[EventRounds "5"]
[EventCountry "GER"]
[SourceTitle "EXT 2003"]
[Source "ChessBase"]
[SourceDate "2002.11.25"]
[SourceVersion "1"]
[SourceVersionDate "2002.11.25"]
[SourceQuality "1"]

1. e4 d5 2. exd5 Qxd5 3. Nc3 Qd6 4. d4 a6 5. g3 e6 6. Bg2 Nf6 7. Bf4 Qd8 8. Nf3 Bd6 9. Ne5 0-0 10. 0-0 Nbd7 11. Re1 Nb6 12. Qf3 Nfd5 13. Nxd5 exd5 14. c3 Be6 15. b3 Bf5 16. Qd1 Rb8 17. Bf1 Qc8 18. Bd3 Bxd3 19. Nxd3 Rd8 20. Qd2 Qf5 21. Bxd6 Rxd6 22. Re7 Nd7 23. Rae1 h6 24. Qf4 Qxf4 25. Nxf4 Kf8 26. f3 b6 27. Kf2 a5 28. R1e2 c5 29. a3 Rc8 30. Ke1 Nf6 31. Rb7 g5 32. Ng2 cxd4 33. cxd4 g4 34. fxg4 Ne4 35. Rb2 Rc1+ 36. Ke2 Rh1 37. Kf3 Rxh2 38. Re2 Ng5+ 39. Kf2 Nh3+ 40. Ke1 Ng5 41. Nh4 Rh1+ 42. Kf2 Rh2+ 43. Ke1 Rxe2+ 44. Kxe2 Ke8 45. Nf5 Rc6 46. Kd3 Ne4 47. Re7+ Kd8 48. Rxf7 Rc3+ 49. Ke2 Rxb3 50. Nxh6 Nxg3+ 51. Ke1 Ne4 52. Rf5 Rb1+ 53. Ke2 Ng3+ 54. Kf3 Nxf5 55. gxf5 Ke7 56. Kf4 Re1 57. Kg5 b5 58. f6+ Kf8 59. Nf5 b4 60. axb4 axb4 61. Nd6 b3 62. Nb5 b2 63. Na3 b1Q 64. Nxb1 Rxb1 65. Kf5 Re1 66. Kg6 Re4 67. Kf5 Rxd4 68. Ke5 Rd1 0-1

[Event "Passau op 8th"]
[Site "Passau"]
[Date "2000.04.21"]
[Round "1"]
[White "Baer, Soeren"]
[Black "Leuschner, Stefan"]
[Result "1-0"]
[WhiteElo "2055"]
[BlackElo "1374"]
[PlyCount "133"]
[EventDate "2000.04.21"]
[EventType "swiss"]
[EventRounds "7"]
[EventCountry "GER"]
[SourceTitle "CBM 076 Extra"]
[Source "ChessBase"]
[SourceDate "2000.07.11"]
[SourceVersion "1"]
[SourceVersionDate "2000.07.11"]
[SourceQuality "1"]

1. e4 e5 2. Nf3 Nc6 3. Bb5 a6 4. Ba4 Nf6 5. 0-0 b5 6. Bb3 Be7 7. c3 d6 8. Re1 Nb8 9. h3 Nbd7 10. d3 0-0 11. Nbd2 c5 12. Nf1 Re8 13. Ng3 Qc7 14. Nf5 Bf8 15. Bg5 h6 16. Bd2 Nb6 17. Ne3 g6 18. Nh2 Bg7 19. Neg4 Nxg4 20. Nxg4 Kh7 21. Qc1 Bxg4 22. hxg4 c4 23. dxc4 Nxc4 24. Bxc4 Qxc4 25. Re3 g5 26. Qd1 Bf6 27. Qf3 Qe6 28. Rd3 Bd8 29. Rd5 Bb6 30. Rd1 Red8 31. Bc1 Rac8 32. R1d3 Rd7 33. Qd1 Rcd8 34. Rf3 Kg7 35. Rf5 f6 36. a4 bxa4 37. Qxa4 a5 38. Bd2 Rb8 39. Qd1 Bc5 40. Bc1 Rbb7 41. Qf3 a4 42. Kh2 Ra7 43. Be3 Bxe3 44. Qxe3 Rdb7 45. c4 Ra6 46. c5 dxc5 47. Qxc5 Rxb2 48. Qc7+ Kg6 49. Rd7 Qg8 50. Rd8 Qf7 51. Qc8 Ra7 52. Rg8+ Kh7 53. Rh8+ Kg7 54. Rxf6 Kxf6 55. Qf5+ Ke7 56. Qxe5+ Kd7 57. Qxb2 Kc6 58. Rxh6+ Kd7 59. Qd4+ Kc8 60. Rh8+ Kb7 61. Qb4+ Kc7 62. Qc5+ Kb7 63. Qb5+ Kc7 64. Qb8+ Kd7 65. Qxa7+ Ke6 66. Rh6+ Ke5 67. Qxf7 1-0